[Event "MetroWest CC Fall op"]
[Site "Natick"]
[Date "2003.??.??"]
[Round "4"]
[White "Riordan, Charles"]
[Black "Krishnamurthy, Vishwa"]
[Result "1-0"]
[WhiteElo "2275"]
[BlackElo "1860"]
[PlyCount "63"]
[EventDate "2003.??.??"]
[EventType "swiss"]
[EventRounds "5"]
[EventCountry "USA"]
[SourceTitle "EXT 2007"]
[Source "ChessBase"]
[SourceDate "2006.11.23"]
[SourceVersion "1"]
[SourceVersionDate "2006.11.23"]
[SourceQuality "1"]

1. e4 c6 2. d4 d5 3. exd5 cxd5 4. c4 Nf6 5. Nc3 e6 6. Nf3 Nc6 7. cxd5 Nxd5 8. Bd3 Bb4 9. Qc2 Nxc3 10. bxc3 Nxd4 11. Nxd4 Qxd4 12. Bb5+ Kf8 13. 0-0 Qxc3 14. Qe2 Qf6 15. Bb2 Bc3 16. Bxc3 Qxc3 17. Rac1 Qf6 18. Qd2 h6 19. Qd6+ Qe7 20. Qe5 Qf6 21. Qc5+ Kg8 22. Rc3 g6 23. Rf3 Qd8 24. Ba4 Rh7 25. Rd1 Qb6 26. Qe7 Rg7 27. Rd8+ Kh7 28. Rxf7 Qb1+ 29. Bd1 Qa1 30. Qf8 g5 31. Rxg7+ Qxg7 32. Bc2+ 1-0